LEADER 00994nam a2200241 i 4500 001 991001630829707536 008 060516s2004 it 001 0 ita 020 $a8849508832 035 $ab13402535-39ule_inst 040 $aDip.to Studi Giuridici$bita 082 0 $a347.45 100 1 $aProto Pisani, Andrea $0227079 245 10$aOsservazioni e note sul processo civile :$b1961-2000 : quarant'anni di dialoghi con la giurisprudenza /$cAndrea Proto Pisani 260 $aNapoli :$bEdizioni scientifiche italiane,$cc2004 300 $a729 p. ;$c24 cm. 440 0$aBiblioteca di diritto processuale ;$v15 650 4$aDiritto processuale civile$d1961-2000 907 $a.b13402535$b21-09-06$c17-05-06 912 $a991001630829707536 945 $aLE027 347.45 PRO02.02$g1$i2027000120574$lle027$o-$pE98.00$q-$rl$s- $t0$u6$v11$w6$x0$y.i14236734$z17-05-06 996 $aOsservazioni e note sul processo civile$91000573 997 $aUNISALENTO 998 $ale027$b16-05-06$cm$da $e-$fita$git $h0$i0 LEADER 03961nam 2200553 450 001 9910786793703321 005 20230120014905.0 010 $a1-4832-9442-0 035 $a(CKB)3710000000201180 035 $a(EBL)1877146 035 $a(SSID)ssj0001266518 035 $a(PQKBManifestationID)12493886 035 $a(PQKBTitleCode)TC0001266518 035 $a(PQKBWorkID)11249310 035 $a(PQKB)10739234 035 $a(MiAaPQ)EBC1877146 035 $a(EXLCZ)993710000000201180 100 $a20150106h19841984 uy 0 101 0 $aeng 135 $aur|n|---||||| 181 $ctxt 182 $cc 183 $acr 200 10$aAsymptotic theory for econometricians /$fHalbert White 210 1$aOrlando, Florida ;$aLondon, [England] :$cAcademic Press, Inc. :$cAcademic Press, Inc. (London) Ltd.,$d1984. 210 4$d©1984 215 $a1 online resource (241 p.) 225 1 $aEconomic Theory, Econometrics, and Mathematical Economics 300 $aDescription based upon print version of record. 311 $a1-322-47289-0 311 $a0-12-746650-9 320 $aIncludes bibliographical references at the end of each chapters and index. 327 $aFront Cover; Asymptotic Theory for Econometricians; Copyright Page; Dedication; Table of Contents; Preface; CHAPTER I. The Linear Model and Instrumental Variables Estimators; Text; References; For Further Reading; CHAPTER II. Consistency; II.1 Limits; II.2 Almost Sure Convergence; II.3 Convergence in Probability; II.4 Convergence in rth Mean; References; CHAPTER III. Laws of Large Numbers; III.1 Independent Identically Distributed Observations; III.2 Independent Heterogeneously Distributed Observations; III.3 Dependent Identically Distributed Observations 327 $aIII.4 Dependent Heterogeneously Distributed ObservationsIII.5 Martingale Difference Sequences; References; CHAPTER IV. Asymptotic Normality; IV.1 Convergence in Distribution; IV.2 Hypothesis Testing; IV.3 Asymptotic Efficiency; References; CHAPTER V. Central Limit Theory; V.1 Independent Identically Distributed Observations; V.2 Independent Heterogeneously Distributed Observations; V.3 Dependent Identically Distributed Observations; V.4 Dependent Heterogeneously Distributed Observations; V.5 Martingale Difference Sequences; References; CHAPTER VI. Estimating Asymptotic Covariance Matrices 327 $aVI.1 General Structure of VnVI.2 Case 1: ?n (Block) Diagonal; VI.3 Case 2: ?n (Block) Band Diagonal; VI.4 Case 3: General Case; References; CHAPTER VII. Efficient Estimation with Estimated Error Covariance Matrices; VII.1 General Results; VII.2 Case 1: Contemporaneous Covariance; VII.3 Case 2: Heteroskedasticity; VII.4 Case 3: Serial Correlation; References; CHAPTER VIII. Directions For Further Study; VIII.1 Extensions of the Linear Model; VIII.2 Nonlinear Models; VIII.3 Other Estimation Techniques; VIII.4 Model Misspecification; References; Solution Set; Index 330 $aThis book is intended to provide a somewhat more comprehensive and unified treatment of large sample theory than has been available previously and to relate the fundamental tools of asymptotic theory directly to many of the estimators of interest to econometricians. In addition, because economic data are generated in a variety of different contexts (time series, cross sections, time series--cross sections), we pay particular attention to the similarities and differences in the techniques appropriate to each of these contexts. 410 0$aEconomic theory, econometrics, and mathematical economics. 606 $aEconometrics$xAsymptotic theory 615 0$aEconometrics$xAsymptotic theory. 676 $a330.015195 676 $a330/.01/5195 700 $aWhite$b Halbert$089163 801 0$bMiAaPQ 801 1$bMiAaPQ 801 2$bMiAaPQ 906 $aBOOK 912 $a9910786793703321 996 $aAsymptotic theory for econometricians$9717676 997 $aUNINA LEADER 01244nam0 22002891i 450 001 UON00203113 005 20231205103301.829 010 $a88-15-05673-4 100 $a20030730d1996 |0itac50 ba 101 $aita 102 $aIT 105 $a|||| ||||| 200 1 $aˆL'‰ intervento pubblico e l'efficienza possibile$estrumenti di analisi e politiche economiche per una burocrazia più efficiente$fDaniele Fabbri$gRoberto Fazioli$gMassimo Filippini 210 $aBologna$cIl Mulino$d1996. 295 p. ; 22 cm. 410 1$1001UON00087600$12001 $aˆIl ‰Mulino. Ricerca 606 $aAmministrazione pubblica$xStudi$3UONC035195$2FI 620 $aIT$dBologna$3UONL000085 700 1$aFABBRI$bDaniele$3UONV121534$0118118 701 1$aFAZIOLI$bRoberto$3UONV121535$0118750 701 1$aFILIPPINI$bMassimo$3UONV121536$0118751 712 $aIl Mulino$3UONV245824$4650 801 $aIT$bSOL$c20250207$gRICA 899 $aSIBA - SISTEMA BIBLIOTECARIO DI ATENEO$2UONSI 912 $aUON00203113 950 $aSIBA - SISTEMA BIBLIOTECARIO DI ATENEO$dSI PUB C 0903 $eSI SC 31203 5 0903 996 $aIntervento pubblico e l'efficienza possibile$91128017 997 $aUNIOR